ბათუმის შოთა რუსთაველის სახელმწიფო უნივერსიტეტის ბიბლიოთეკა

Youmans & Winn neurological surgery / (ბიბ.ჩანაწერი № 57470)

000 -LEADER
fixed length control field 01982cam a22004574a 4500
001 - CONTROL NUMBER
control field 12654478
005 - DATE AND TIME OF LATEST TRANSACTION
control field 20221108162710.0
008 - FIXED-LENGTH DATA ELEMENTS--GENERAL INFORMATION
fixed length control field 020124s2017 paua b 001 0 eng
010 ## - LIBRARY OF CONGRESS CONTROL NUMBER
LC control number 2002017677
020 ## - INTERNATIONAL STANDARD BOOK NUMBER
International Standard Book Number 072168291X (set)X
020 ## - INTERNATIONAL STANDARD BOOK NUMBER
International Standard Book Number 0721682928 (v. 1) X
020 ## - INTERNATIONAL STANDARD BOOK NUMBER
International Standard Book Number 0721682936 (v. 2) X
020 ## - INTERNATIONAL STANDARD BOOK NUMBER
International Standard Book Number 0721682944 (v. 3) X
020 ## - INTERNATIONAL STANDARD BOOK NUMBER
International Standard Book Number 0721682952 (v. 4) X
020 ## - INTERNATIONAL STANDARD BOOK NUMBER
International Standard Book Number 9780323287821 X
035 ## - SYSTEM CONTROL NUMBER
System control number (DNLM)101136510
040 ## - CATALOGING SOURCE
Original cataloging agency DNLM/DLC
Transcribing agency DLC
Modifying agency DLC
041 ## - LANGUAGE CODE
Language code of text/sound track or separate title eng
042 ## - AUTHENTICATION CODE
Authentication code pcc
050 00 - LIBRARY OF CONGRESS CALL NUMBER
Classification number RD593
Item number .N4153 2004
060 10 - NATIONAL LIBRARY OF MEDICINE CALL NUMBER
Classification number WL 368
Item number Y671 2003
080 ## - UNIVERSAL DECIMAL CLASSIFICATION NUMBER
Universal Decimal Classification number 616.8 W-72
082 00 - DEWEY DECIMAL CLASSIFICATION NUMBER
Classification number 617.4/8
Edition number 21
245 00 - TITLE STATEMENT
Title Youmans & Winn neurological surgery /
Statement of responsibility, etc. [edited by] H. Richard Winn.
Remainder of title Volume 4
250 ## - EDITION STATEMENT
Edition statement Seventh edition
260 ## - PUBLICATION, DISTRIBUTION, ETC.
Place of publication, distribution, etc. Philadelphia, Pa. :
Name of publisher, distributor, etc. W.B. Saunders,
Date of publication, distribution, etc. c2017
300 ## - PHYSICAL DESCRIPTION
Extent 4 v. (lxiv, 366, cviii) :
Other physical details ill. (some col.) ;
Dimensions 28 cm. +
Accompanying material 1 CD-ROM (4 3/4 in.)
504 ## - BIBLIOGRAPHY, ETC. NOTE
Bibliography, etc. note Includes bibliographical references and index.
538 ## - SYSTEM DETAILS NOTE
System details note Minimum system requirements: Windows 98 or higher (Windows 98, 2000, NT, ME or XP; 64 MB of available RAM (128 MB recommended); 10 MB of available hard-disk space; 8x or faster CD-ROM drive; VGA monitor supporting thousand of colors (16-bit); Internet Explorer 6.0 or Netscape 7; Macromedia flash player 6.0; Abode Acrobat Reader 5.0 or Macintosh.
650 #0 - SUBJECT ADDED ENTRY--TOPICAL TERM
Topical term or geographic name entry element Nervous system
General subdivision Surgery.
9 (RLIN) 8760
650 12 - SUBJECT ADDED ENTRY--TOPICAL TERM
Topical term or geographic name entry element Neurosurgical Procedures.
9 (RLIN) 8761
650 22 - SUBJECT ADDED ENTRY--TOPICAL TERM
Topical term or geographic name entry element Nervous System Diseases
General subdivision surgery.
9 (RLIN) 8762
653 ## - INDEX TERM--UNCONTROLLED
keyword ნევროლოგია
653 ## - INDEX TERM--UNCONTROLLED
keyword მედიცინა
653 ## - INDEX TERM--UNCONTROLLED
keyword ნეიროქირურგია
700 1# - ADDED ENTRY--PERSONAL NAME
Personal name Winn, H. Richard.
Relator term რედაქტორი
9 (RLIN) 8764
700 1# - ADDED ENTRY--PERSONAL NAME
Personal name Youmans, Julian R.,
Dates associated with a name 1928-
Relator term რედაქტორი
9 (RLIN) 8765
906 ## - LOCAL DATA ELEMENT F, LDF (RLIN)
a 7
b cbc
c orignew
d 1
e ocip
f 20
g y-gencatlg
942 ## - ADDED ENTRY ELEMENTS (KOHA)
Source of classification or shelving scheme
Koha item type წიგნი
ეგზემპლარები
Withdrawn status Lost status Source of classification or shelving scheme Damaged status Not for loan Permanent Location Current Location Shelving location Date acquired Cost, normal purchase price Full call number Barcode Date last seen Copy number Price effective from Koha item type Public note
          ბათუმის შოთა რუსთაველის სახელმწიფო უნივერსიტეტის მთავარი ბიბლიოთეკა ბათუმის შოთა რუსთაველის სახელმწიფო უნივერსიტეტის მთავარი ბიბლიოთეკა წიგნსაცავი 2020-06-25 454.50 616.8 W-72 60672 2020-06-25 60672 2020-06-25 წიგნი 454 ლ. 50 თ.